LEADER 01073nam0 2200301 450 001 000024328 005 20090312122238.0 100 $a20090312d1981----km-y0itay50------ba 101 0 $aita 102 $aIT 105 $ay-------001yy 200 1 $a<>ispezioni tributarie$fBaldassarre Santamaria$gprefazione di Gian Antonio Micheli 205 $a2. ed. aggiornata e ampliata 210 $aMilano$cGiuffrè$d1981 215 $aVI, 487 p.$d21 cm 225 2 $aTeoria e pratica del diritto$hSez. 5$iDiritto tributario$v8 410 0$12001$aTeoria e pratica del diritto 500 10$a<>ispezioni tributarie$945404 610 1 $aPolizia tributaria 610 1 $aTributi$aAccertamento$aLegislazione 676 $a343$v18$9Argomenti particolari di diritto pubblico 676 $a343.45042$v19$9Accertamento e riscossione di tributi. Italia 700 1$aSantamaria,$bBaldassarre$0145267 801 0$aIT$bUNIPARTHENOPE$c20090312$gRICA$2UNIMARC 912 $a000024328 951 $a321/74$b5633$cNAVA2 996 $aIspezioni tributarie$945404 997 $aUNIPARTHENOPE